Yearbook of science and the future 1983 (Record no. 7340)

MARC details
000 -LEADER
fixed length control field 00567nam a2200205Ia 4500
003 - CONTROL NUMBER IDENTIFIER
control field IN-BaIIA
005 - DATE AND TIME OF LATEST TRANSACTION
control field 20260116095547.0
008 - FIXED-LENGTH DATA ELEMENTS--GENERAL INFORMATION
fixed length control field 211028s9999 xx 000 0 eng d
020 ## - INTERNATIONAL STANDARD BOOK NUMBER
International Standard Book Number 0-85229-397-6
040 ## - CATALOGING SOURCE
Transcribing agency IIA Library
080 ## - UNIVERSAL DECIMAL CLASSIFICATION NUMBER
Universal Decimal Classification number 058:5
Item number YEA-83
110 ## - MAIN ENTRY--CORPORATE NAME
Corporate name or jurisdiction name as entry element Encyclopedia Britannica
9 (RLIN) 10946
245 #0 - TITLE STATEMENT
Title Yearbook of science and the future 1983
Statement of responsibility, etc. Encyclopedia Britannica
260 ## - PUBLICATION, DISTRIBUTION, ETC.
Place of publication, distribution, etc. Chicago
Name of publisher, distributor, etc. Encyclopaedia Britannica
Date of publication, distribution, etc. 1983
300 ## - PHYSICAL DESCRIPTION
Extent 445p
650 ## - SUBJECT ADDED ENTRY--TOPICAL TERM
Topical term or geographic name entry element NASA Thesaurus
650 ## - SUBJECT ADDED ENTRY--TOPICAL TERM
Topical term or geographic name entry element Science
9 (RLIN) 1299
650 ## - SUBJECT ADDED ENTRY--TOPICAL TERM
Topical term or geographic name entry element Year Books
9 (RLIN) 3953
942 ## - ADDED ENTRY ELEMENTS (KOHA)
Koha item type Books
Source of classification or shelving scheme Dewey Decimal Classification
Holdings
Withdrawn status Lost status Source of classification or shelving scheme Damaged status Not for loan Home library Current library Shelving location Date acquired Total Checkouts Full call number Barcode Date last seen Price effective from Koha item type Purchase Price
    Dewey Decimal Classification     IIA Library-Bangalore IIA Library-Bangalore General Stacks 09/05/1983   058:5/ YEA-83 8147 05/11/2021 09/05/1983 Books  

Powered by Koha